|
|
|
|
| LEADER |
01867nam a2200529 a 4500 |
| 001 |
nkc20132499614 |
| 003 |
CZ PrNK |
| 005 |
20140616131559.0 |
| 007 |
ta |
| 008 |
130918s2013 xr ac e 001 0ccze |
| 015 |
|
|
|a cnb002499614
|
| 020 |
|
|
|a 978-80-200-2311-7
|q (váz.)
|
| 035 |
|
|
|a (OCoLC)867819752
|
| 040 |
|
|
|a ABA001
|b cze
|d BOA001
|
| 041 |
0 |
|
|a cze
|b eng
|
| 043 |
|
|
|a e-xr---
|
| 045 |
|
|
|a x-y1
|
| 072 |
|
7 |
|a 00
|x Věda. Všeobecnosti. Základy vědy a kultury. Vědecká práce
|2 Konspekt
|9 12
|
| 072 |
|
7 |
|a 929
|x Biografie
|2 Konspekt
|9 8
|
| 080 |
|
|
|a 001-051
|2 MRF
|
| 080 |
|
|
|a 929
|2 MRF
|
| 080 |
|
|
|a (437.3)
|2 MRF
|
| 080 |
|
|
|a (0:82-94)
|2 MRF
|
| 080 |
|
|
|a (047.53)
|2 MRF
|
| 245 |
0 |
0 |
|a Hvězdy vědeckého nebe /
|c Karel Pacner (editor) ; Eva Bobůrková ... [et al.]
|
| 250 |
|
|
|a Vyd. 1.
|
| 260 |
|
|
|a Praha :
|b Academia,
|c 2013
|
| 300 |
|
|
|a 338 s. :
|b il. (některé barev.), portréty ;
|c 22 cm
|
| 500 |
|
|
|a Obsahuje rejstřík
|
| 546 |
|
|
|a Anglická resumé
|
| 550 |
|
|
|a Vydavatel: Akademie věd ČR
|
| 648 |
|
7 |
|a 20.-21. století
|7 ch462155
|2 czenas
|
| 650 |
0 |
7 |
|a vědci
|7 ph127356
|z Česko
|y 20.-21. století
|2 czenas
|
| 650 |
0 |
9 |
|a scientists
|z Czechia
|y 20th-21st centuries
|2 eczenas
|
| 655 |
|
7 |
|a portréty
|7 fd133099
|2 czenas
|
| 655 |
|
7 |
|a rozhovory
|7 fd133303
|2 czenas
|
| 655 |
|
9 |
|a portraits
|2 eczenas
|
| 655 |
|
9 |
|a interviews
|2 eczenas
|
| 700 |
1 |
|
|a Bobůrková, Eva,
|d 1963-
|7 xx0070535
|4 aut
|
| 700 |
1 |
|
|a Pacner, Karel,
|d 1936-2021
|7 jk01091450
|4 edt
|
| 710 |
2 |
|
|a Akademie věd České republiky
|7 kn20010709016
|
| 910 |
2 |
|
|a BOA001
|b 2-1315.104
|
| 990 |
|
|
|a BK
|
| 995 |
|
|
|a 01
|
| 991 |
|
|
|b 201312
|c NOV
|e n
|
| 996 |
6 |
|
|b 2610569987
|c 2-1315.104
|l MZK
|r Sklad / do 1 hodiny
|n 0
|p p.v.
|w 001383103
|u 000010
|a 1
|e BOA001
|j MZK50
|s P
|
| 996 |
7 |
|
|b 2610588873
|c 2-1315.104
|l MZK
|r Sklad / do 1 hodiny
|n 3
|p kup
|w 001383103
|u 000020
|a 1
|e BOA001
|j MZK50
|s A
|